Monitorovanie včelích úľov pomocou Internetu vecí (IoT)

Saved in:
Bibliographic Details
Main Author: Vatrt, Marek (Author)
Other Authors: Kováčik, Tomáš (Thesis advisor)
Format: Manuscript Book
Language:Slovak
Published: 2025
Subjects:
Online Access:http://is.stuba.sk/zp/portal_zp.pl?podrobnosti=175386
Tags: Add Tag
No Tags, Be the first to tag this record!

MARC

LEADER 00000ntm a22000003a 4500
001 stuzp102950
003 SK-STU
005 20250614211914.8
007 ta
008 150427s2015----xo-----f-mn---000-0-slo-d
040 |a STU  |b slo 
041 0 |a slo 
100 1 |a Vatrt, Marek  |u 070400  |4 aut  |U FIIT Fakulta informatiky a informačných technológií  |T FIIT Ústav počítačového inžinierstva a aplikovanej informatiky  |X 120904  |U I400  |Y 672  |7 120904 
242 0 1 |a Monitoring of beehives using the Internet of Things (IoT)  |y eng 
245 1 0 |a Monitorovanie včelích úľov pomocou Internetu vecí (IoT) 
260 |c 2025 
650 4 |a Arduino  |2 eng 
650 4 |a Iot  |2 eng 
650 4 |a SIM7600  |2 eng 
650 4 |a LTE  |2 eng 
650 4 |a Arduino  |2 slo 
650 4 |a SIM7600  |2 slo 
650 4 |a LTE  |2 slo 
650 4 |a IoT  |2 slo 
700 1 |a Kováčik, Tomáš  |u 070100  |k Z8  |4 ths  |U FIIT Fakulta informatiky a informačných technológií  |T FIIT Ústav počítačových systémov a sietí  |X 11781  |U I100  |Y 178  |7 11781 
856 4 |u http://is.stuba.sk/zp/portal_zp.pl?podrobnosti=175386